| 000 | 00912nam a2200289Ia 4500 | ||
|---|---|---|---|
| 001 | Para_391 | ||
| 003 | CHAP | ||
| 008 | 220125s2000 xx 000 0 und d | ||
| 010 | _a199146 | ||
| 040 | _cCHAP | ||
| 082 | _aPA 338.1 E3 | ||
| 100 |
_aEastmond, Amarella _935005 |
||
| 245 |
_aLa biotecnología aplicada al henequén : _b alternativas para el futuro / _c por Amarella Eastmond, José Luis Herrera, Manuel L. Robert |
||
| 260 |
_aMérida, Yuc. : _b Centro de Investigación Científica de Yucatán |
||
| 300 | _a106 p. | ||
| 650 |
_aBiotecnología agrícola _9144486 |
||
| 650 |
_aHenequén _x biotecnología _9164482 |
||
| 700 |
_aHerrera, José Luis _954970 |
||
| 700 |
_aRobert, Manuel L. _997901 |
||
| 901 | _aPA 338.1 E3 | ||
| 902 | _aA | ||
| 905 | _a0000002000 dn 0000000000 00 | ||
| 910 | _a2000 | ||
| 942 | _cPARA | ||
| 942 |
_cPARA _d1 |
||
| 999 |
_c199146 _d199146 |
||